Bezpečné Úložisko dát

Salvato in:
Dettagli Bibliografici
Autore principale: Schmotzer, Marián, 1984- (Autore)
Altri autori: Bernát, Dušan, 1977- (Relatore della tesi)
Natura: Manoscritto Libro
Lingua:slovacco
Pubblicazione: STU v Bratislave FIIT, 2007
Soggetti:
Tags: Aggiungi Tag
Nessun Tag, puoi essere il primo ad aggiungerne!!

MARC

LEADER 00000ntm a22000003a 4500
001 stu166327
005 20180216125206.2
008 080703s2007----xo------------------slo-d
040 |a STU  |b slo 
041 0 |a slo 
044 |a xo 
100 1 |a Schmotzer, Marián,  |d 1984-  |4 aut  |u I100  |U FIIT Fakulta informatiky a informačných technológií  |T FIIT Ústav počítačových systémov a sietí  |X 27109  |U I100  |Y 178  |7 A000027109 
245 1 |a Bezpečné Úložisko dát 
246 1 3 |a Spoľahlivé úložisko dát 
260 |b STU v Bratislave FIIT,  |c 2007 
300 |a 58 s  |c príl.  |e CD 
650 7 |a počítačové inžinierstvo  |2 stusub 
700 1 |a Bernát, Dušan,  |d 1977-  |4 ths  |u I100  |U FIIT Fakulta informatiky a informačných technológií  |T FIIT Ústav počítačových systémov a sietí  |X 1887  |U I100  |Y 178  |7 1887 
996 |c I*BAP152/07  |l II680  |s P  |a 0  |w stu166327_0001